000 00351nam a2200157Ia 4500
008 230711s9999||||xx |||||||||||||| ||und||
041 _aENG
082 _a720
_bRA-B
100 _aRao,Bikaji
245 0 _aBikaner
250 _a1st
260 _c2005
_aNew Delhi
_bCross Section Publications
300 _a213
650 _aArchitecture
942 _cBK
999 _c5050
_d5050